Jennie - You and Me (All lyrics) - Statistics

General Stats
  • This quiz has been taken 78 times
  • The average score is 294 of 394
Answer Stats
% Correct
I
100%
You
100%
you
100%
a
98%
and
98%
me
98%
Dancing
94%
in
94%
love
94%
the
94%
The
94%
it
90%
It's
90%
just
90%
Just
90%
moonlight
90%
see
90%
to
90%
nobody
88%
Nobody
88%
tonight
88%
can
86%
like
76%
Like
76%
Look
76%
look
76%
now
76%
do
74%
ever
74%
Ever
74%
at
70%
that
70%
your
70%
know
68%
not
68%
this?
68%
this
68%
This
68%
so
66%
got
64%
Nothin'
62%
say
62%
feel
60%
on
60%
really
60%
way
60%
don't
58%
Don't
58%
gon'
58%
thing
58%
world
58%
be
56%
find
56%
make
56%
one
56%
someone
56%
Someone
56%
have
54%
Every
52%
last
52%
saying
52%
back
50%
better
50%
better?
50%
Better
50%
gonna
50%
of
50%
that's
50%
things
50%
Everything
48%
first
48%
heart
46%
little
46%
my
46%
action
44%
Ain't
44%
camera
44%
care
44%
fashion
44%
game
44%
Makes
44%
wanna
44%
Which
44%
with
44%
about
42%
did
42%
fall
42%
How
42%
I'm
42%
lights
42%
Never
42%
oh
42%
reason
42%
should
42%
was
42%
wish
42%
Won't
42%
You're
42%
you're
42%
alright
40%
block
40%
hide
40%
play
40%
There's
40%
gotcha
38%
off
38%
skips
38%
stops
38%
touch
38%
want
38%
shot
36%
been
34%
drops
34%
him
34%
mine
34%
nowhere
34%
or
34%
tell
34%
wait
34%
Finally
32%
change
30%
lot
30%
petal
30%
eh
28%
No matching quizzes found
Score Distribution
Percent of People with Each Score
Percentile by Number Answered
Your Score History
You have not taken this quiz